000 00569nam a2200181Ia 4500
008 190427s9999 xx 000 0 und d
100 _aSun Wenying
245 _aControl mechanism and agile Methodology use: data from the industry/
245 _cWenying Sun, and Cecil Schmidt.--
260 _bTaylor and Francis Group
260 _c2018
300 _apages 234-243, 2018
440 _aJournal of Computer Inforamation System
_v58(3)
650 _aAgile methodology use
650 _aBehavioral Control
650 _aClan control
650 _aOutcome Control
999 _c361729
_d361729